| 000 | 02007nas a2200565 a 4500 | ||
|---|---|---|---|
| 001 | vtls001409561 | ||
| 003 | NLI | ||
| 005 | 20210627105151.0 | ||
| 008 | 121127s1927 ii a 001 0 eng d | ||
| 039 | 9 |
_y201211272107 _zVLOAD |
|
| 040 | 0 |
_aNLI _beng _cEntertech IOD - 2013 _eAACR2 |
|
| 041 | 0 | _aeng | |
| 044 | _aii | ||
| 082 | 0 | 4 | _a633.51 |
| 245 | 1 | 0 |
_aAnnual report of the Indian Central Cotton Comittee, Bombay / _cIndian Central Cotton Comittee, (Bombay, Inida) |
| 260 |
_aBombay : _bG. Claridge, _c1927 |
||
| 300 |
_a-v. ; _c24 cm. |
||
| 310 | _aAnnual | ||
| 650 | 0 |
_aCotton trade _zIndia _9778522 |
|
| 650 | 0 |
_aCotton manufacture _zIndia _9792851 |
|
| 650 | 0 |
_aCotton growing _zIndia _vCongresses |
|
| 887 | _a | ||
| 901 |
_aIMP125830 date _b02.02.2011 _91927 |
||
| 901 |
_aIMP125829 date _b02.02.2011 _91926 |
||
| 901 |
_aIMP125828 date _b02.02.2011 _91925 |
||
| 901 |
_aIMP125837 date _b02.02.2011 _91925, c.2 |
||
| 901 |
_aIMP125835 date _b02.02.2011 _91923 |
||
| 901 |
_aIMP125836 date _b02.02.2011 _91924 |
||
| 901 |
_aIMP125838 date _b02.02.2011 _91928 |
||
| 901 |
_aIMP125839 date _b02.02.2011 _91929 |
||
| 901 |
_aIMP125843 date _b02.02.2011 _91933 |
||
| 901 |
_aIMP125840 date _b02.02.2011 _91930 |
||
| 901 |
_aIMP125841 date _b02.02.2011 _91931 |
||
| 901 |
_aIMP125842 date _b02.02.2011 _91932 |
||
| 901 |
_aIMP125844 date _b02.02.2011 _91934 |
||
| 901 |
_aIMP125845 date _b02.02.2011 _91935 |
||
| 901 |
_aIMP125846 date _b02.02.2011 _91936 |
||
| 901 |
_aIMP125847 date _b02.02.2011 _91937 |
||
| 901 |
_aIMP125848 date _b02.02.2011 _91938 |
||
| 901 |
_aIMP125849 date _b02.02.2011 _91939 |
||
| 901 |
_aIMP125850 date _b02.02.2011 _91940 |
||
| 901 |
_aIMP125851 date _b02.02.2011 _91941, 20th |
||
| 901 |
_aIMP125852 date _b02.02.2011 _91943, 22nd |
||
| 901 |
_aIMP125853 date _b02.02.2011 _91944, 23rd |
||
| 901 |
_aIMP125879 date _b02.02.2011 _91946, 25th |
||
| 901 |
_aIMP125880 date _b02.02.2011 _91922 |
||
| 902 | _aGP 633.51(54) In2ccc | ||
| 942 |
_2ddc _cBKS |
||
| 999 |
_c831770 _d831770 |
||